000 00503nam a2200181Ia 4500
003 GCL
008 140319s9999 xx 000 0 eng d
040 _aGCL /
_cGCL
082 0 4 _a658
_bF S
100 1 _aFISCHER, DONALS E.
245 1 0 _aSECURITY ANALYSIS AND PORTFOLIO MANAGEMENT, 5th ed. /
_cFISCHER, DONALS E.
700 1 _aJORDAN, RONALD
260 _a[S.N] :
_bPRENTICE- HELL INTERNATIONAL, INC. ،
_c1991
300 _a768 P
650 0 4 _aSECURITY
650 0 4 _aMANAGEMENT
942 _2ddc
_cBK
999 _c21425
_d21425